000 01260nam a2200289Ia 4500
003 OSt
005 20221005104659.0
006 a|||||r|||| 00| 0
007 ta
008 221004b |||||||| |||| 00| 0 san d
020 _a9789380651217 (hbk)
_cINR 300.00
024 _a34804
037 _b437/1, 11/09/2017, Vidyanidhi Prakashan
_cTextual
040 _aCRL
_cCRL
_bsan
041 _2san
_asan
082 _aV2y7M84, 152Q1
100 _aत्रिपाठी, रूद्रदेव, ले.
245 0 _aराजेन्द्र चन्द्रोदय चम्पू की काव्यशास्त्रीय समीक्षा
246 _aRājendra chandrodaya champū kī kāvyashāstrīya samīkṣhā
260 _aदिल्ली
_bविद्यानिधि प्रकाशन भारत
_c2011
300 _a120पृ0
_ccm.
650 _a संस्कृत कविता
650 _a संस्कृत साहित्य
650 _aप्रसाद, राजेन्द्र
942 _hV2y7M84, 152Q1
_cTEXL
_2cc
999 _c1013475
_d1013475